Statystyki dla 15 najbardziej dotkniętych krajów Covid-19 - 16 maja

Kliknij tutaj aby rozwiązać quiz!

Ogólne statystyki

  • Ten quiz został rozwiązany 39 razy
  • Średni wynik to 13 z 24

Statystyki odpowiedzi

kraj% Poprawnych
Chiny
97%
Stany Zjednoczone
97%
Niemcy
92%
Rosja
86%
Włochy
86%
Brazylia
81%
Francja
81%
Hiszpania
81%
Wielka Brytania
81%
Kanada
67%
Indie
61%
Iran
61%
Belgia
56%
Szwecja
53%
Turcja
50%
Portugalia
47%
Białoruś
39%
Szwajcaria
33%
Irlandia
28%
Peru
22%
Katar
19%
Singapur
11%
Bahrajn
6%
Kuwejt
3%

Rozkład punktacji

Percentyl według liczby udzielonych odpowiedzi

Procent ludzi z każdym wynikiem

Twoja historia wyników

Nie rozwiązałeś tego quizu